|
|
|
|
| LEADER |
01015nam a22002534a 4500 |
| 001 |
38026 |
| 003 |
BD-DhAAL |
| 005 |
20220310164721.0 |
| 008 |
220310t2010 bg 000 0beng d |
| 999 |
|
|
|c 43744
|d 43744
|
| 041 |
1 |
|
|a eng
|
| 082 |
|
|
|a 297.63
|
| 100 |
1 |
|
|a Al-Sheha, Abdurrahman.
|9 46780
|
| 245 |
1 |
0 |
|a Muhammad, the Messenger of Allah :
|b may Allah exalt his mention /
|c written by Abdurrahman Al-Sheha ; translated by Abdurrahman Murad.
|
| 260 |
|
|
|a Dhaka :
|b Highspeed group of companies,
|c 2010.
|
| 300 |
|
|
|a 95 pages ;
|c 12 cm.
|
| 541 |
|
|
|a Donated By Akbar Ali Khan
|e 38026
|
| 600 |
0 |
0 |
|a Muḥammad,
|c Prophet,
|d -632.
|9 46781
|
| 650 |
|
0 |
|a Prophets
|z Saudi Arabia
|x Biography.
|9 46782
|
| 650 |
|
0 |
|a Ahmadiyya.
|9 46783
|
| 700 |
|
|
|a Murad, Abdurrahman
|9 46784
|
| 852 |
|
|
|a Ayesha Abed Library
|c Akbar Ali Khan Collection
|
| 942 |
|
|
|2 ddc
|c BK
|
| 952 |
|
|
|0 0
|1 0
|2 ddc
|4 0
|6 297_630000000000000_AL
|7 1
|9 70095
|a BRACUL
|b BRACUL
|c AAKC
|d 2022-03-10
|e Donated by Akbar Ali Khan
|l 0
|o 297.63 AL
|p 3010038026
|r 2022-03-10
|t 1
|w 2022-03-10
|y BK
|